000 00484nam a2200181Ia 4500
001 8473
005 20260306160612.0
008 260306t2018||||xx |||||||||||||| ||spa||
041 _aESP
082 _a371.1
_bF41
100 _aFernández Enguita, Mariano
_eAUT
245 0 _aMás escuela y menos aula:
_bla innovación en la perspectiva de un cambio de época
260 _c2018
300 _a201páginas :
_c24 cm.
650 _aGEN
654 _aCED
942 _cLIB
_dJUS
_fJUS
_2ddc
_n
999 _c8473
_d8473